000 00639nam a22001817a 4500
999 _c6046
_d6046
003 GBCCL
005 20241126110555.0
008 180425b ||||| |||| 00| 0 eng d
040 _cgbc
082 _a262
_bHOO
100 _aHook, Cecil
_98193
245 _aFree as sons:
_bPositive messages concerning liberating grace; unity without compromise in one, unstructured, universal body; non-judgmental acceptance without conformity; and other unique lessons /
_cCecil Hook
260 _aTexas:
_bAuthor
300 _a143 p.;
_c21 cm.
650 _aChurch of Christ
_xDoctrinal works
_910899
650 _aChurch Union
_910900
942 _2ddc
_cBK